| 000 | 01728nam a2200361 i 4500 | ||
|---|---|---|---|
| 999 |
_c65368 _d65368 |
||
| 001 | 768714001 | ||
| 003 | CO-MdFUSB | ||
| 005 | 20200210153500.0 | ||
| 008 | 200210t2019 sp |||| |||| 00| 0 spa d | ||
| 020 | _a9788499084480 | ||
| 040 |
_aCO-MdFUSB _bspa _cCO-MdFUSB _dCO-MdFUSBC _erda |
||
| 041 |
_aspa _heng |
||
| 082 |
_223 _a306.81 _bG686 |
||
| 100 |
_aGottman, John M. _eautor |
||
| 240 | _aThe seven principles for making marriage work | ||
| 245 | 1 | 3 |
_aSiete reglas de oro para vivir en pareja : _bun estudio exhaustivo sobre las relaciones y la convivencia. _c/ John M. Gottman , Nan Silver. ; traducido por Sonia Tapia. |
| 250 | _aQuinta edición | ||
| 264 | 1 |
_aBarcelona, España : _bDebolsillo, _c[2019] |
|
| 264 | 4 | _c© 2019 | |
| 300 |
_a286 páginas _c; 19 cm |
||
| 336 |
_2rdacontent _atexto _btxt |
||
| 337 |
_2rdamedia _asin mediación _bn |
||
| 338 |
_2rdacarrier _avolumen _bnc |
||
| 505 | _aEn el laboratorio del amor: la verdad sobre los matrimonios felices. -- Cómo predecir el divorcio. -- Primer principio: mejora tus mapas de amor. -- Segundo principio: cultivar el cariño y la admiración. -- Tercer principio: acercarse al otro. -- Cuarto principio: deja que tu pareja te influya. -- Las dos clases de conflicto matrimonial. -- Quinto principio: resuelve los problemas solubles. -- Típicos problemas solubles. -- Sexto principio : salir del estancamiento. -- Séptimo principio: crear un sentido de trascendencia. | ||
| 563 | _aRústico | ||
| 650 | 7 |
_9300 _aMatrimonio |
|
| 650 | 0 |
_91074 _aComunicación interpersonal |
|
| 650 | 7 |
_972 _aPsicología social |
|
| 700 |
_92815 _a Silver, Nan. _eautor |
||
| 700 |
_92816 _a Tapia, Sonia. _etraductor |
||
| 942 | _cBK | ||
| 945 | _aJTF-925 | ||